| Tag |
First Indicator |
Second Indicator |
Subfields |
| LEADER |
00000cam a2200000 4500 |
| 001 |
in00000045212 |
| 005 |
20151007071137.0 |
| 008 |
740221s1936 cauac b 01000 eng u |
| 010 |
|
|
|a 36013844
|
| 035 |
|
|
|a (OCoLC)00809801
|
| 035 |
|
|
|9 AAE5398AM
|
| 040 |
|
|
|c CWR
|d TXA
|d UtOrBLW
|
| 049 |
|
|
|a TXAM
|c [118222]
|
| 050 |
0 |
0 |
|a QK101
|b .E8
|
| 092 |
|
|
|a 581.9
|b E78
|
| 245 |
0 |
0 |
|a Essays in geobotany :
|b in honor of William Albert Setchell /
|c edited by T.H. Goodspeed.
|
| 264 |
|
1 |
|a Berkeley :
|b University of California press,
|c 1936.
|
| 300 |
|
|
|a xxv, 319 pages :
|b frontispiece (portrait) illustrations, diagrams ;
|c 23 cm.
|
| 336 |
|
|
|a text
|b txt
|2 rdacontent
|
| 337 |
|
|
|a unmediated
|b n
|2 rdamedia
|
| 338 |
|
|
|a volume
|b nc
|2 rdacarrier
|
| 500 |
|
|
|a The genetic phytogeography of the southwestern Pacific area, with particular reference to Australia, by Ludwig Diels.--The role of the terrestrial alga in nature, by F. E. Fritsch.--The plant as a metabolic unit in the soil-plant system, by D. R. Hoagland.--Malaysian phytogeography in relation to the Polynesian flora, by E. D. Merrill.--Plant communities of the world, by Eduard Rubel.--Antarctic plants in Polynesia, by Carl Skottsberg.--The published writings of William Albert Setchell (pages 313-319).
|
| 504 |
|
|
|a Bibliography at end of most of the essays.
|
| 505 |
0 |
|
|a William Albert Setchell: a biographical sketch, by T. H. Goodspeed.--The rate of plant migration, by O. W. Arrhenius.--The origin of Crepis and related genera, with particular reference to distribution and chromosome relationships, by E. B. Babcock.--The succession and distribution of cenozoic floras around the northern Pacific basin, by R. W. Chaney.--The origin of the desert climax and climate, by F. E. Clements.--The strand and dune flora of the Pacific coast of North America: a geographic study, by W. S. Cooper.
|
| 600 |
1 |
0 |
|a Setchell, William Albert,
|d 1864-1943.
|
| 650 |
|
0 |
|a Phytogeography.
|
| 700 |
1 |
|
|a Goodspeed, T. H.
|q (Thomas Harper),
|d 1887-1966.
|
| 999 |
|
|
|a MARS
|
| 999 |
f |
f |
|s 57f1c98b-ffb0-31f5-a2ab-67d5fd1f6444
|i 2b36d8b8-7cbd-3e1a-bfc9-32af6455e37c
|t 0
|
| 952 |
f |
f |
|p ric
|a Texas A&M University
|b Rellis Campus
|c Joint Library Facility
|d Remote Storage
|t 0
|e QK101 .E8
|h Library of Congress classification
|i unmediated -- volume
|l 1936
|m A14800991834
|
| 998 |
f |
f |
|a QK101 .E8
|t 0
|l Remote Storage
|